|
|
|
|
| LEADER |
01152nam a22002417i 4500 |
| 005 |
20210526181255.0 |
| 008 |
161109s2015 gr ||||| |||| 00| ddgre d |
| 020 |
|
|
|a 9786185191146
|
| 040 |
|
|
|a GR-PaULI
|b gre
|c GR-PaULI
|e AACR2
|
| 041 |
1 |
|
|a gre
|h eng
|
| 082 |
0 |
4 |
|a 812.54
|2 23
|
| 100 |
1 |
|
|9 158079
|a Medoff, Mark,
|d 1940-
|e συγγραφέας
|
| 245 |
1 |
0 |
|a Παιδιά ενός κατώτερου Θεού /
|c Μαρκ Μεντόφ ; μετάφραση-απόδοση Γιάννης Βούρος ; επίμετρο Εύα Γεωργουσοπούλου.
|
| 260 |
|
|
|a Αθήνα :
|b Κάπα,
|c [2015].
|
| 300 |
|
|
|a 75 σ. ;
|c 21 εκ.
|
| 500 |
|
|
|a Τίτλος πρωτοτύπου : Children of a lesser god.
|
| 650 |
|
4 |
|9 158084
|a Κωφάλαλοι
|x Δράμα
|
| 650 |
|
4 |
|a Αμερικανικό δράμα
|9 2234
|
| 700 |
1 |
4 |
|9 158080
|a Βούρος, Γιάννης
|e μεταφραστής
|
| 942 |
|
|
|2 ddc
|c BK15
|
| 952 |
|
|
|0 0
|1 0
|2 ddc
|4 0
|6 812_540000000000000_MED
|7 0
|9 207224
|a THST
|b THST
|d 2016-11-09
|i 014256
|l 1
|m 1
|o 812.54 MED
|p 025000138451
|r 2019-10-02 00:00:00
|s 2019-09-09
|t 1
|v 2016.00
|w 2016-11-09
|y BK15
|
| 998 |
|
|
|c ΜΑΝΙΑ
|d 2016-11
|
| 999 |
|
|
|c 126000
|d 126000
|